Statistics for Formula E World Champions

Click here to take the quiz!

General Stats

  • This quiz has been taken 71 times
    (15 since last reset)
  • The average score is 7 of 9

Answer Stats

SeasonChampionNationality% Correct
2020-2021Nyck de VriesNetherlands
87%
2015-2016Sébastien BuemiSwitzerland
87%
2021-2022Stoffel VandoorneBelgium
87%
2018-2019Jean-Éric VergneFrance
80%
2017-2018Jean-Éric VergneFrance
80%
2016-2017Lucas di GrassiBrazil
73%
2022-2023Jake DennisUnited Kingdom
67%
2014-2015Nelson Piquet jr.Brazil
67%
2019-2020António Félix da CostaPortugal
60%

Score Distribution

Percentile by Number Answered

Percent of People with Each Score

Your Score History

You have not taken this quiz since the last reset